Magia Record (Arc 2+) - Magia - Statistics

General Stats
  • This quiz has been taken 4 times
  • The average score is 38 of 65
Answer Stats
Hint Answer % Correct
Magical Constable ~ Chiharu Detective Stories Chiharu Hiroe
100%
Nature Regression Chika Aoba
100%
The Wheel Rakshasa of Sasana Heruka
100%
Go! Hikaru Soldiers! Hikaru Kirari
100%
Emo Love★AquaBomb Himena Aika
100%
Infinite Dragon Blaze Juri Oba
100%
Despair of Unlimited Mirror Mikoto Sena
100%
Sk8er Girl Overdrive Miyuri Yukari
100%
Lightning Spear of the Valkyrie Olga
100%
Rankanical Beam Ranka Chizu
100%
Definitely Flaming Midori Bazooka!!! (Controversial Midori Cannon!!!) Ryo Midori
100%
Just take my heart! Akari Mai
67%
Fragile Serenade Alexandra Kurusu
67%
IACTA ALEA EST Amaryllis
67%
Super Special Move・Sonic Edge No. VI Ao Kasane
67%
The Mortal Bullets Asahi Miura
67%
Raging Fire Prison Chizuru
67%
The Eyes of Horus Ebony
67%
Crushing Fangs of Mánagarmr Gunhild
67%
Great Red Cyclone (Spin Around and Goodbye) Hagumu Azumi
67%
Nightmare Catcher Hanna Sarasa
67%
Fight Equal Loss Hotaru Yura
67%
Citron Beam Hotori Yuzuki
67%
Lovely Butterfly on Stage (Heart-Melting Show) Ikumi Makino
67%
Dagashi-snack Missiles! Jun Kazari
67%
Seraphic Trial Kushu Irina
67%
Panta Rhei Lavi Himuro
67%
Epicurean's Game Livia Medeiros
67%
Magna Carta Mikura Komachi
67%
Lucky Dynamite Moka Megumi
67%
Citron Princess Kiss Rion Yuzuki
67%
Ruthless Barrage San Kagura
67%
Cliff-Hanger Seira Mihono
67%
The Bottomless Wound Shi
67%
Full Burst Hate You Shigure Miyabi
67%
Angry Hungry Tsumugi Wakana
67%
Miracle Trick Strike! Urara Yume
67%
Puella Monoceros Yu
67%
Thunderbolt Burial Yuna Kureha
67%
Glittering Gunk Ashley Taylor
33%
Albero Fantasia Kagome Satori
33%
I will do my best! Kuro
33%
Calamitas Gala Kuroe
33%
Black Flash Kuro (Jane Doe)
33%
The answer is déjà vu Mabayu Aki
33%
Gentle Punishment Maria Yuki
33%
Dead End of the Year Meguru Hibiki
33%
Only now, I'm a bad child Mikage Yakumo
33%
Hacking Riot! Mitsune Miwa
33%
Universal Pain Sphere Mitsuru Inami
33%
Magical Bubbles Nagisa Momoe
33%
Uprised Breakthrough Nayuta Satomi
33%
Final Dead Emblem Rui Mizuki
33%
Enma Cremation Whip Ryoko Natsu
33%
Quick Death Penalty Sae Kirino
33%
Splending Edge Sakuya Suzuka
33%
Heaven's Ray Shizuka Tokime
33%
Strange Clothes Tragedy Sudachi Sawa
33%
Commandments for Tomorrow Sunao Toki
33%
Remains of Dreams Temari Kira
33%
Magatama of Sun Light Toyo
33%
Clear and Serene Tsuyu Mizuna
33%
Rage Star Rondo Yozuru Sasame
33%
Desperate Inferno Yukika Nanase
33%
Arma dello Sciocco Yuuna Kaharu
33%
No matching quizzes found
Score Distribution
Percent of People with Each Score
Percentile by Number Answered
Your Score History
You have not taken this quiz